Scrambled Words Ending in “X” - Statistics

General Stats
  • This quiz has been taken 10 times
  • The average score is 36 of 45
Answer Stats
Hint Answer % Correct
xiAff affix
100%
exAnn annex
90%
otDex detox
90%
elDupx duplex
90%
Eiquxno equinox
90%
eHilx helix
90%
Inobx inbox
90%
xaryLn larynx
90%
Paraxod paradox
90%
laRxe relax
90%
Rimex remix
90%
naSxdep spandex
90%
iphxnS sphinx
90%
axSytn syntax
90%
looTbox toolbox
90%
nxharAt anthrax
80%
pnxeiAdp appendix
80%
eaBwsex beeswax
80%
iCalxm climax
80%
eoxlmCp complex
80%
vxCnoe convex
80%
ufcxiCir crucifix
80%
aarwxE earwax
80%
Iednx index
80%
lIufxn influx
80%
atLex latex
80%
eLobetrtx letterbox
80%
cxkLoob lockbox
80%
tMxacboh matchbox
80%
xaitMr matrix
80%
tuielMxlp multiplex
80%
rahxPny pharynx
80%
iPfexr prefix
80%
xleRfe reflex
80%
rtbahCoext chatterbox
70%
oexhcinpCk chickenpox
70%
buoJexk jukebox
70%
xhPneoi phoenix
70%
Slalpmxo smallpox
70%
gxrontbSo strongbox
70%
ixAmalcitn anticlimax
60%
lhanPxa phalanx
60%
dirToebnx tinderbox
60%
htdonxrooU unorthodox
60%
sainfTxr transfix
50%
No matching quizzes found
Score Distribution
Percent of People with Each Score
Percentile by Number Answered
Your Score History
You have not taken this quiz